Green Deal Communities (Record no. 115034)

MARC details
000 -LEADER
fixed length control field 01168cad a22002055a 4500
001 - CONTROL NUMBER
control field L157931
008 - FIXED-LENGTH DATA ELEMENTS--GENERAL INFORMATION
fixed length control field 130725s2013 xxk f 000 0 eng d
035 ## - SYSTEM CONTROL NUMBER
System control number (Sirsi) u157931
041 0# - LANGUAGE CODE
Language code of text/sound track or separate title eng
110 2# - MAIN ENTRY--CORPORATE NAME
Corporate name or jurisdiction name as entry element United Kingdom
Subordinate unit Department for Communities and Local Government
9 (RLIN) 4939
245 00 - TITLE STATEMENT
Title Green Deal Communities
Remainder of title Local Authority Fund
Medium [electronic resource]
260 ## - PUBLICATION, DISTRIBUTION, ETC.
Place of publication, distribution, etc. London
Name of publisher, distributor, etc. DECC
Date of publication, distribution, etc. 2013
520 ## - SUMMARY, ETC.
Summary, etc. £20m Green Deal Communities scheme will help local authorities drive street-by-street delivery of the Green Deal. To allow the development of strong bids local authorities will be able to bid up to 31 December 2013 or until the funds are exhausted. A Green Deal Provider Forum will also be established to look at ways of supporting and enhancing the Green Deal and the energy efficiency retrofit sector.
590 ## - LOCAL NOTE (RLIN)
Local note KA
651 #4 - SUBJECT ADDED ENTRY--GEOGRAPHIC NAME
Geographic name United Kingdom
690 ## - LOCAL SUBJECT ADDED ENTRY--TOPICAL TERM (OCLC, RLIN)
Topical term or geographic name as entry element Energy
9 (RLIN) 6237
690 ## - LOCAL SUBJECT ADDED ENTRY--TOPICAL TERM (OCLC, RLIN)
Topical term or geographic name as entry element Sustainability
9 (RLIN) 6271
856 40 - ELECTRONIC LOCATION AND ACCESS
Uniform Resource Identifier <a href="https://www.gov.uk/government/uploads/system/uploads/attachment_data/file/225298/Green_Deal_Communities_Fund_-_Application_Pack__P_.pdf">https://www.gov.uk/government/uploads/system/uploads/attachment_data/file/225298/Green_Deal_Communities_Fund_-_Application_Pack__P_.pdf</a>
Public note View further information and an application free of charge at www.gov.uk
942 ## - ADDED ENTRY ELEMENTS (KOHA)
Suppress in OPAC 0
Holdings
Withdrawn status Lost status Source of classification or shelving scheme Damaged status Not for loan Home library Current library Shelving location Date acquired Total Checkouts Full call number Barcode Date last seen Copy number Price effective from Koha item type
    Dewey Decimal Classification     Virtual Virtual Online 25/07/2013   ONLINE PUBLICATION 157931-2001 06/08/2019 1 06/08/2019 Book